| 000 | 00984nam a2200313 i 4500 | ||
|---|---|---|---|
| 003 | EG-GICUC | ||
| 005 | 20260509143619.0 | ||
| 008 | 260509s1958 sy b|||f |||| 00| 0 eng d | ||
| 040 |
_beng _cEG-GICUC _erda _a EG-GICUC _d EG-GICUC |
||
| 041 | 0 | _aeng | |
| 082 |
_221 _a341.0569 _bZU. P |
||
| 092 | 0 | 4 | _221 |
| 099 | _aLaw1 11 341.0569 ZU. P 1958 | ||
| 100 | 1 |
_a Zua'iter, Akram _eAuthor. |
|
| 245 | 1 | 3 |
_aThe Palestine Question / _cAkram Zua'iter. |
| 264 | 1 |
_aDamascus: _bPalestine Arab Refugees Institution, _c1958. |
|
| 300 |
_a281 page : _c24 cm . _billustration ; |
||
| 336 |
_2rda content _atext |
||
| 337 |
_2rda media _aComputer |
||
| 338 |
_2rda carrier _aOnline Resource |
||
| 504 | _aBibliography: pages 200-250. | ||
| 546 | _aText in English | ||
| 650 | 1 |
_aPublic international law _2qrmak |
|
| 650 | 1 |
_aThe Palestine _2qrmak |
|
| 651 | 1 | _2qrmak | |
| 856 | 4 | 0 | _uhttps://fll.law.cu.edu.eg/fulltext/bksB11-09011.pdf |
| 905 |
_a72 _eYara |
||
| 942 |
_2ddc _cBK _e21 _n0 |
||
| 999 |
_c76385 _d76385 |
||